Countries That Border Brazil🇧🇷 - Statistics

General Stats
  • This quiz has been taken 30 times
  • The average score is 10 of 10
Answer Stats
Answer % Correct
Argentina
100%
Bolivia
100%
Peru
100%
Colombia
97%
Guyana
97%
Paraguay
97%
Uruguay
97%
Venezuela
97%
Suriname
93%
(Territory) France
90%
No matching quizzes found
Score Distribution
Percent of People with Each Score
Percentile by Number Answered
Your Score History
You have not taken this quiz